5-letter words starting with A - Statistics

General Stats
  • This quiz has been taken 2,408 times
  • The average score is 62 of 480
Answer Stats
# WORD % Correct
322 apple
76%
105 after
68%
31 about
64%
106 again
53%
64 actor
50%
198 allow
50%
217 alter
49%
272 anger
47%
273 angle
45%
70 added
44%
386 asked
44%
71 adder
43%
84 adore
43%
271 angel
43%
211 alone
42%
32 above
41%
323 apply
40%
132 agree
39%
227 amber
39%
274 angry
39%
30 abort
38%
58 acorn
38%
397 aster
38%
46 aches
37%
212 along
37%
480 azure
37%
142 aimed
36%
259 ample
36%
284 ankle
36%
369 arrow
36%
449 aware
36%
256 among
35%
356 arise
35%
13 abbey
34%
14 abbot
34%
62 acted
34%
174 alert
34%
187 align
34%
197 allot
34%
358 armed
34%
23 ables
33%
195 alley
33%
308 apart
33%
384 ashes
33%
395 asses
33%
396 asset
33%
19 abide
32%
216 altar
32%
234 amend
32%
361 armor
32%
439 avert
32%
447 awake
32%
141 ailed
31%
145 aired
31%
191 alive
31%
383 ashen
31%
290 annoy
30%
350 argue
30%
414 attic
30%
11 abate
29%
45 ached
29%
199 alloy
29%
364 arose
29%
25 abode
28%
85 adorn
28%
164 alarm
28%
185 alien
28%
188 alike
28%
226 amaze
28%
408 atone
28%
444 avoid
28%
74 adept
27%
119 agile
27%
324 apron
27%
330 aquas
27%
339 areas
27%
387 asker
27%
389 aspen
27%
435 avail
27%
114 agent
26%
138 aided
26%
225 amass
26%
306 aorta
26%
448 award
26%
48 acids
25%
134 ahead
25%
451 awful
25%
9 abase
24%
68 adapt
24%
80 admit
24%
120 aging
24%
194 allay
24%
229 amble
24%
5 aback
23%
65 acute
23%
189 aline
23%
300 antes
23%
382 ashed
23%
446 await
23%
72 addle
22%
83 adopt
22%
143 aimer
22%
214 aloud
22%
302 antis
22%
385 aside
22%
450 awash
22%
461 axiom
22%
34 abuse
21%
60 acres
21%
88 adult
21%
140 aides
21%
241 amids
21%
332 arbor
21%
367 array
21%
422 aunts
21%
438 avers
21%
18 abhor
20%
40 abyss
20%
169 alder
20%
222 alway
20%
235 amens
20%
249 amiss
20%
263 amuse
20%
291 annul
20%
406 atoms
20%
416 audio
20%
427 auras
20%
441 avian
20%
454 awoke
20%
464 axles
20%
17 abets
19%
22 abler
19%
99 affix
19%
110 agate
19%
139 aider
19%
150 aisle
19%
176 algae
19%
348 argon
19%
405 atoll
19%
35 abuts
18%
82 adobe
18%
102 afore
18%
168 album
18%
289 annex
18%
388 askew
18%
402 atlas
18%
43 acers
17%
67 adage
17%
108 agape
17%
115 agers
17%
130 agony
17%
213 aloof
17%
258 amour
17%
305 anvil
17%
333 arced
17%
342 arena
17%
456 axels
17%
208 aloft
16%
394 assay
16%
417 audit
16%
445 avows
16%
10 abash
15%
61 acrid
15%
146 airer
15%
183 alias
15%
282 anise
15%
336 ardor
15%
372 arson
15%
219 altos
14%
246 amino
14%
287 annal
14%
301 antic
14%
316 aping
14%
320 appal
14%
363 aroma
14%
370 arses
14%
398 astir
14%
423 aunty
14%
433 autos
14%
460 axing
14%
50 acing
13%
100 afire
13%
215 alpha
13%
251 ammos
13%
279 anime
13%
293 anode
13%
319 aport
13%
325 apses
13%
359 armer
13%
379 ascot
13%
390 asper
13%
391 aspic
13%
418 auger
13%
436 avast
13%
75 adieu
12%
111 agave
12%
131 agora
12%
157 alack
12%
244 amigo
12%
245 amine
12%
299 anted
12%
311 apers
12%
313 aphid
12%
425 aural
12%
55 acnes
11%
97 aerie
11%
109 agars
11%
128 agone
11%
184 alibi
11%
207 aloes
11%
275 angst
11%
278 anima
11%
353 arias
11%
354 ariel
11%
126 aglow
10%
190 alist
10%
202 almas
10%
221 alums
10%
321 appel
10%
328 aptly
10%
452 awing
10%
453 awned
10%
1 aahed
9%
3 abaca
9%
4 abaci
9%
63 actin
9%
76 adios
9%
101 afoot
9%
122 agist
9%
209 aloha
9%
257 amort
9%
260 amply
9%
338 areal
9%
413 attar
9%
420 augur
9%
49 acidy
8%
77 adits
8%
92 adzes
8%
95 aegis
8%
98 afars
8%
118 aghas
8%
133 agues
8%
136 ahoys
8%
228 ambit
8%
250 amity
8%
276 anile
8%
327 apter
8%
12 abbes
7%
47 achoo
7%
78 adman
7%
124 aglet
7%
158 alamo
7%
162 alans
7%
167 albas
7%
173 aleph
7%
239 amide
7%
243 amiga
7%
281 anion
7%
411 atria
7%
442 avion
7%
468 axons
7%
6 abaft
6%
79 admen
6%
166 alate
6%
178 algas
6%
232 ameba
6%
242 amies
6%
248 amirs
6%
255 amole
6%
288 annas
6%
329 aquae
6%
349 argot
6%
355 arils
6%
366 arras
6%
401 atilt
6%
407 atomy
6%
457 axial
6%
458 axile
6%
7 abaka
5%
52 acmes
5%
59 acred
5%
86 adown
5%
112 agaze
5%
121 agios
5%
129 agons
5%
159 aland
5%
160 alane
5%
163 alant
5%
175 alfas
5%
180 algin
5%
204 almes
5%
238 amice
5%
240 amido
5%
247 amins
5%
254 amoks
5%
283 ankhs
5%
294 anole
5%
298 antas
5%
419 aught
5%
437 avens
5%
463 axled
5%
465 axman
5%
466 axmen
5%
467 axone
5%
2 aalii
4%
15 abeam
4%
28 aboma
4%
33 abris
4%
36 abuzz
4%
57 acold
4%
66 acyls
4%
96 aeons
4%
103 afoul
4%
116 agger
4%
117 aggie
4%
151 aitch
4%
152 aiver
4%
153 ajiva
4%
161 alang
4%
165 alary
4%
177 algal
4%
181 algor
4%
182 algum
4%
193 alkyl
4%
196 allod
4%
230 ambos
4%
236 ament
4%
237 amias
4%
262 amuck
4%
277 anils
4%
307 apace
4%
315 apian
4%
326 apsis
4%
337 areae
4%
343 arete
4%
351 argus
4%
409 atony
4%
424 aurae
4%
426 aurar
4%
430 auric
4%
462 axite
4%
469 ayahs
4%
472 azide
4%
474 azine
4%
16 abele
3%
27 aboil
3%
39 abysm
3%
42 acerb
3%
54 acned
3%
87 adoze
3%
107 agama
3%
125 agley
3%
127 agmas
3%
135 ahold
3%
170 aldol
3%
179 algid
3%
186 alifs
3%
200 allyl
3%
201 almah
3%
203 almeh
3%
206 almug
3%
223 amahs
3%
266 anded
3%
267 anear
3%
270 angas
3%
314 aphis
3%
317 apish
3%
344 argal
3%
345 argil
3%
347 argol
3%
360 armet
3%
365 arpen
3%
368 arris
3%
378 aryls
3%
392 aspis
3%
403 atman
3%
404 atmas
3%
429 aures
3%
431 auris
3%
455 awols
3%
459 axils
3%
476 azole
3%
477 azons
3%
479 azoth
3%
8 abamp
2%
29 aboon
2%
38 abyes
2%
44 aceta
2%
51 acini
2%
69 addax
2%
73 adeem
2%
81 admix
2%
90 adust
2%
94 aedes
2%
113 agene
2%
123 aglee
2%
147 airns
2%
148 airth
2%
156 akene
2%
171 alecs
2%
172 alefs
2%
210 aloin
2%
218 altho
2%
224 amain
2%
233 ameer
2%
252 amnia
2%
253 amnic
2%
269 anent
2%
303 antra
2%
304 antre
2%
312 apery
2%
318 apnea
2%
346 argle
2%
371 arsis
2%
375 arums
2%
377 arvos
2%
400 ataxy
2%
410 atopy
2%
412 atrip
2%
434 auxin
2%
443 aviso
2%
478 azote
2%
20 abied
1%
21 abies
1%
24 abmho
1%
26 abohm
1%
37 abyed
1%
41 acari
1%
53 acmic
1%
56 acock
1%
89 adunc
1%
91 adyta
1%
104 afrit
1%
137 ahull
1%
149 airts
1%
154 akees
1%
155 akela
1%
192 alkyd
1%
220 alula
1%
231 ambry
1%
261 ampul
1%
264 amyls
1%
268 anele
1%
280 animi
1%
286 anlas
1%
292 anoas
1%
296 ansae
1%
297 antae
1%
309 apeak
1%
334 arcus
1%
340 areca
1%
352 arhat
1%
357 arles
1%
373 artal
1%
374 artel
1%
393 assai
1%
415 audad
1%
421 aulic
1%
428 aurei
1%
432 aurum
1%
473 azido
1%
475 azoic
1%
93 aecia
0%
144 ainee
0%
205 almud
0%
265 ancon
0%
285 ankus
0%
295 anomy
0%
310 apeek
0%
331 araks
0%
335 ardeb
0%
341 areic
0%
362 aroid
0%
376 arval
0%
380 ascus
0%
381 asdic
0%
399 asyla
0%
440 avgas
0%
470 ayins
0%
471 azans
0%
No matching quizzes found
Score Distribution
Percent of People with Each Score
Percentile by Number Answered
Your Score History
You have not taken this quiz